La mente humana

Spremljeno u:
Bibliografski detalji
Glavni autor: Broncano, Fernando (Autor)
Format: Knjiga
Jezik:španjolski
Izdano: Madrid Trotta 1995
Izdanje:1a. ed
Serija:Enciclopedia Iberoamericana de Filosofía, 8
Teme:
Oznake: Dodaj oznaku
Bez oznaka, Budi prvi tko označuje ovaj zapis!

MARC

LEADER 00000nam a2200000 a 4500
001 UCI3656
003 CL-VaPUC
008 071123e19950000SP |||||||||||||||||spa|d
020 |a 9788481640465 
082 0 4 |a 128.2  |b BRO  |2 21 
100 0 |a Broncano, Fernando  |e author  |9 525100 
245 1 3 |a La mente humana 
250 |a 1a. ed 
300 |a 410 p 
942 |c BK 
945 |d 20071123 00:00:00  |a rbrito 
260 |a Madrid  |b Trotta  |c 1995 
650 0 |a Mente  |9 330838 
650 0 |a Filosofía del espíritu  |9 320175 
650 7 |a INDIVIDUO  |2 CL-VaPUC  |9 334576 
650 0 |a Psicología individual  |9 309049 
650 0 |a Naturaleza humana   |9 308593 
583 |a last modification  |c 20071123 00:00:00  |k Rodrigo Vera 
490 0 |a Enciclopedia Iberoamericana de Filosofía, 8 
999 |c 327788  |d 327786 
952 |0 0  |1 0  |4 0  |6 128_200000000000000_BRO_1995  |7 0  |8 A  |9 411218  |a FDOPOS  |b FDOPOS  |d 2019-11-22  |i 439142K  |o 128.2 BRO 1995  |p 439142K  |r 2025-01-22  |w 2019-11-22  |y BK  |k MLA 
952 |0 0  |1 0  |4 0  |6 128_200000000000000_BRO_1995  |7 0  |8 A  |9 411219  |a FDOPOS  |b FDOPOS  |d 2019-11-22  |i 4392531  |o 128.2 BRO 1995  |p 4392531  |r 2025-01-22  |w 2019-11-22  |y BK  |k MLA